[Event "Arco op 46th"]
[Site "Arco"]
[Date "2024.10.13"]
[Round "9"]
[White "Rivara, Massimo"]
[Black "Coqueraut, Lodewyk"]
[Result "1/2-1/2"]
[WhiteElo "1769"]
[BlackElo "1565"]
[PlyCount "144"]
[EventDate "2024.10.05"]
[EventType "swiss"]
[EventRounds "9"]
[EventCountry "ITA"]
[SourceTitle "CB44_2024"]
[Source "Chessbase"]
[SourceDate "2024.10.30"]
[SourceVersion "1"]
[SourceVersionDate "2024.10.30"]
[SourceQuality "1"]

1. e4 e5 2. Nc3 Nc6 3. Bc4 Nf6 4. d3 Bc5 5. f4 d6 6. Nf3 a6 7. Rf1 b5 8. Bb3 0-0 9. fxe5 dxe5 10. Bg5 Be7 11. Qd2 Qd6 12. Bxf6 Bxf6 13. 0-0-0 h6 14. Kb1 Nd4 15. Nd5 Bd8 16. c3 Nxb3 17. axb3 c5 18. b4 cxb4 19. Nxb4 a5 20. Nc2 Bf6 21. d4 Bb7 22. dxe5 Qxd2 23. Rxd2 Bd8 24. Re1 Re8 25. Ncd4 b4 26. cxb4 axb4 27. b3 Rc8 28. Nb5 Be7 29. Nd6 Bxd6 30. Rxd6 Rc6 31. Rd4 Rb6 32. Kb2 Kf8 33. Rc1 g5 34. g4 Bc8 35. h3 Be6 36. Rcd1 Ke7 37. Nd2 Rc8 38. Nc4 Rbc6 39. Na5 Rc2+ 40. Kb1 Rh2 41. R1d2 Rh1+ 42. Rd1 Rxh3 43. Rxb4 Rc7 44. Nc4 Bxg4 45. Rd6 Be6 46. Nb6 Rxb3+ 47. Rxb3 Bxb3 48. Nd5+ Bxd5 49. exd5 h5 50. Rh6 Rb7+ 51. Kc2 Rb5 52. Rxh5 Rxd5 53. Rxg5 Ke6 54. Rg2 Rxe5 55. Kd3 f6 56. Rf2 f5 57. Rf4 Ra5 58. Ke3 Ke5 59. Rb4 Ra3+ 60. Kf2 Rd3 61. Ke2 Ra3 62. Kf2 Rd3 63. Ke2 Rd5 64. Kf3 Rc5 65. Ra4 Rc3+ 66. Kf2 f4 67. Rb4 Kf5 68. Rb8 Rc2+ 69. Kf3 Rc3+ 70. Kf2 Rc5 71. Kf3 Rc3+ 72. Kf2 Rc2+ 1/2-1/2

[Event "Arco op 46th"]
[Site "Arco"]
[Date "2024.10.09"]
[Round "5"]
[White "Coqueraut, Lodewyk"]
[Black "Mittelbach, Eduard"]
[Result "1-0"]
[WhiteElo "1565"]
[BlackElo "1824"]
[PlyCount "49"]
[EventDate "2024.10.05"]
[EventType "swiss"]
[EventRounds "9"]
[EventCountry "ITA"]
[SourceTitle "CB44_2024"]
[Source "Chessbase"]
[SourceDate "2024.10.30"]
[SourceVersion "1"]
[SourceVersionDate "2024.10.30"]
[SourceQuality "1"]

1. d4 Nf6 2. Nf3 c5 3. e3 e6 4. Bd3 Nc6 5. c3 d5 6. 0-0 Bd6 7. b3 b6 8. Bb2 0-0 9. Nbd2 Rb8 10. Rc1 b5 11. dxc5 Bxc5 12. Nd4 Nxd4 13. cxd4 Bd6 14. f4 Qd7 15. Nf3 Ne4 16. Ne5 Qe8 17. Rc2 f6 18. Ng4 e5 19. Bxe4 dxe4 20. dxe5 Bxg4 21. Qxg4 fxe5 22. f5 Rc8 23. Rxc8 Qxc8 24. Qxe4 Re8 25. Qd5+ 1-0

[Event "Arco op 45th"]
[Site "Arco"]
[Date "2023.10.13"]
[Round "7"]
[White "Pavan, Franco"]
[Black "Coqueraut, Lodewyk"]
[Result "0-1"]
[WhiteElo "1216"]
[BlackElo "1438"]
[PlyCount "50"]
[EventDate "2023.10.07"]
[EventType "swiss"]
[EventRounds "9"]
[EventCountry "ITA"]
[SourceTitle "CBM 216 Extra"]
[Source "ChessBase"]
[SourceDate "2023.11.30"]
[SourceVersion "1"]
[SourceVersionDate "2023.11.30"]
[SourceQuality "1"]

1. c4 Nf6 2. g3 c6 3. Bg2 e5 4. Nc3 d5 5. cxd5 cxd5 6. Qb3 e4 7. f3 Nc6 8. fxe4 dxe4 9. Nxe4 Nxe4 10. Bxe4 Bc5 11. Nf3 0-0 12. Qc2 Qb6 13. Bxh7+ Kh8 14. Bf5 Nd4 15. Nxd4 Bxd4 16. Bxc8 Raxc8 17. Qb3 Bf2+ 18. Kf1 Qf6 19. Qf3 Qxf3 20. exf3 Bb6 21. b3 Rc2 22. Kg2 Rfc8 23. a3 Bd4 24. Rb1 Ra2 25. Kh3 Rcc2 0-1

[Event "Arco op 45th"]
[Site "Arco"]
[Date "2023.10.08"]
[Round "2"]
[White "Coqueraut, Lodewyk"]
[Black "Bozzao, Francesco"]
[Result "0-1"]
[WhiteElo "1438"]
[BlackElo "1783"]
[PlyCount "102"]
[EventDate "2023.10.07"]
[EventType "swiss"]
[EventRounds "9"]
[EventCountry "ITA"]
[SourceTitle "CBM 216 Extra"]
[Source "ChessBase"]
[SourceDate "2023.11.30"]
[SourceVersion "1"]
[SourceVersionDate "2023.11.30"]
[SourceQuality "1"]

1. e4 c5 2. Nf3 e6 3. c3 Nf6 4. d3 Nc6 5. Be2 d6 6. 0-0 Be7 7. Nbd2 0-0 8. Re1 Qc7 9. Nf1 d5 10. Ng3 Rd8 11. Qc2 h6 12. a3 a5 13. Bd2 a4 14. Rac1 dxe4 15. dxe4 Bd7 16. c4 Nd4 17. Nxd4 cxd4 18. c5 Rac8 19. Bb4 Bf8 20. Bd3 e5 21. Qd2 Re8 22. Rf1 Qb8 23. Qe2 b6 24. Bb5 bxc5 25. Bxd7 Nxd7 26. Be1 Qb3 27. Nf5 g6 28. Nh4 Nf6 29. Nf3 c4 30. Bb4 Bxb4 31. axb4 Qxb4 32. Qd2 Qb5 33. Qxh6 Nxe4 34. Qh4 f5 35. Qh6 Kf7 36. Qh7+ Kf6 37. h4 Rh8 38. Qa7 c3 39. bxc3 Ra8 40. Qc7 Rhc8 41. Qh7 Rh8 42. Qc7 Nxc3 43. Rxc3 dxc3 44. Qxc3 a3 45. Qd2 Ra6 46. Re1 a2 47. Qg5+ Kf7 48. Rxe5 a1Q+ 49. Re1 Qxe1+ 50. Nxe1 Ra1 51. Qd2 Re8 0-1

[Event "Arco op 44th"]
[Site "Arco"]
[Date "2022.10.13"]
[Round "6"]
[White "Gulinelli, Euro"]
[Black "Coqueraut, Lodewyk"]
[Result "1-0"]
[WhiteElo "1581"]
[BlackElo "1456"]
[PlyCount "51"]
[EventDate "2022.10.08"]
[EventType "swiss"]
[EventRounds "9"]
[EventCountry "ITA"]
[SourceTitle "CBM 210 Extra"]
[Source "ChessBase"]
[SourceDate "2022.11.30"]
[SourceVersion "1"]
[SourceVersionDate "2022.11.30"]
[SourceQuality "1"]

1. d4 e6 2. c4 d5 3. Nf3 Nf6 4. g3 c5 5. cxd5 exd5 6. Bg2 Nc6 7. 0-0 Be7 8. dxc5 Bxc5 9. Nbd2 0-0 10. b3 Re8 11. Bb2 Bb6 12. h3 Bf5 13. Nh4 Be6 14. Rc1 Rc8 15. Kh2 Bc7 16. Re1 Ne4 17. Nxe4 Qxh4 18. Nc5 Qe7 19. e4 dxe4 20. Rxe4 Bb6 21. Nxe6 fxe6 22. Bxg7 Bxf2 23. Bb2 Bxg3+ 24. Kh1 Qd6 25. Qg4+ Kf7 26. Qg7# 1-0

[Event "Arco op 43rd"]
[Site "Arco"]
[Date "2021.10.16"]
[Round "8"]
[White "Coqueraut, Lodewyk"]
[Black "Galimberti, Maurizio"]
[Result "1/2-1/2"]
[WhiteElo "1458"]
[BlackElo "1445"]
[PlyCount "61"]
[EventDate "2021.10.09"]
[EventType "swiss"]
[EventRounds "9"]
[EventCountry "ITA"]
[SourceTitle "CBM 204 Extra"]
[Source "ChessBase"]
[SourceDate "2021.11.30"]
[SourceVersion "1"]
[SourceVersionDate "2021.11.30"]
[SourceQuality "1"]

1. Nf3 Nc6 2. d4 d6 3. e3 g6 4. Be2 Bg7 5. c3 Nf6 6. a4 Bd7 7. a5 a6 8. b4 e5 9. dxe5 Nxe5 10. Nxe5 dxe5 11. 0-0 0-0 12. Bb2 e4 13. Qc2 Qe7 14. Nd2 Rfe8 15. Nb3 Rad8 16. Nc5 Bc8 17. c4 Nd7 18. Nxd7 Rxd7 19. Bxg7 Kxg7 20. Qb2+ Qf6 21. Qxf6+ Kxf6 22. b5 Rd2 23. Rfe1 Red8 24. h3 h5 25. Bf1 Rc2 26. Rec1 Rb2 27. Rcb1 Rxb1 28. Rxb1 Ke7 29. c5 Rd5 30. Rc1 f6 31. h4 1/2-1/2

[Event "Arco op 43rd"]
[Site "Arco"]
[Date "2021.10.11"]
[Round "3"]
[White "Schestak, Herbert"]
[Black "Coqueraut, Lodewyk"]
[Result "1/2-1/2"]
[WhiteElo "1714"]
[BlackElo "1458"]
[PlyCount "74"]
[EventDate "2021.10.09"]
[EventType "swiss"]
[EventRounds "9"]
[EventCountry "ITA"]
[SourceTitle "CBM 204 Extra"]
[Source "ChessBase"]
[SourceDate "2021.11.30"]
[SourceVersion "1"]
[SourceVersionDate "2021.11.30"]
[SourceQuality "1"]

1. d4 Nf6 2. Bf4 g6 3. e3 Bg7 4. Nf3 d6 5. Be2 Nbd7 6. h3 0-0 7. 0-0 c5 8. c3 b6 9. Nbd2 Bb7 10. Bd3 Nh5 11. Bh2 e5 12. dxe5 dxe5 13. Be4 Rb8 14. Bxb7 Rxb7 15. g4 Nhf6 16. Bxe5 Nxe5 17. Nxe5 Qe7 18. Nef3 b5 19. Nb3 Rd7 20. Qe2 a6 21. Rfd1 Rfd8 22. Rxd7 Rxd7 23. Rd1 Rc7 24. Nh2 h5 25. f3 Bh6 26. e4 c4 27. Nd4 Bf4 28. Nf1 h4 29. Ne3 Qe5 30. Nec2 Nd7 31. Ne1 Nc5 32. Ndc2 Rd7 33. Rd4 Rd6 34. Kh1 Ne6 35. Rd1 Ng5 36. Kg2 Bh2 37. Kh1 Bf4 1/2-1/2

[Event "Arco op 42nd"]
[Site "Arco"]
[Date "2020.10.17"]
[Round "8.40"]
[White "Morselli, Stefano"]
[Black "Coqueraut, Lodewyk"]
[Result "1-0"]
[WhiteElo "1757"]
[BlackElo "1495"]
[PlyCount "97"]
[EventDate "2020.10.10"]
[EventType "swiss"]
[EventRounds "9"]
[EventCountry "ITA"]
[SourceTitle "CBM 198 Extra"]
[Source "ChessBase"]
[SourceDate "2020.11.30"]
[SourceVersion "1"]
[SourceVersionDate "2020.11.30"]
[SourceQuality "1"]

1. e4 c5 2. c3 g6 3. d4 cxd4 4. cxd4 Bg7 5. Nc3 Nc6 6. Nf3 e6 7. Be3 a6 8. Bd3 Nge7 9. 0-0 d5 10. e5 b5 11. Qd2 Ng8 12. Rfc1 Bd7 13. a3 Na5 14. Qd1 Nc4 15. Bxc4 bxc4 16. b3 cxb3 17. Rab1 Ne7 18. Rxb3 Nf5 19. Bg5 f6 20. exf6 Bxf6 21. Bxf6 Qxf6 22. Ne5 Rd8 23. Rb7 Nd6 24. Ra7 Bb5 25. Nxb5 axb5 26. Rcc7 0-0 27. Ng4 Qh4 28. Qd2 Nf5 29. Qe2 Rf6 30. Nxf6+ Qxf6 31. Qe5 Rf8 32. Qxf6 Rxf6 33. Rxh7 Nxd4 34. Rhg7+ Kf8 35. Rgd7 Kg8 36. Ra8+ Rf8 37. Rxf8+ Kxf8 38. f3 g5 39. Rb7 Nc2 40. Rxb5 Nxa3 41. Rb7 Nc4 42. Kf2 e5 43. g3 Nd6 44. Ra7 Nb5 45. Ra5 Nc7 46. Rc5 Ne6 47. Rxd5 Ke7 48. Rxe5 Kf6 49. Rxe6+ 1-0

[Event "Arco op 42nd"]
[Site "Arco"]
[Date "2020.10.11"]
[Round "2.26"]
[White "Perez Bolanos, David"]
[Black "Coqueraut, Lodewyk"]
[Result "1-0"]
[WhiteElo "2031"]
[BlackElo "1495"]
[PlyCount "89"]
[EventDate "2020.10.10"]
[EventType "swiss"]
[EventRounds "9"]
[EventCountry "ITA"]
[SourceTitle "CBM 198 Extra"]
[Source "ChessBase"]
[SourceDate "2020.11.30"]
[SourceVersion "1"]
[SourceVersionDate "2020.11.30"]
[SourceQuality "1"]

1. e4 g6 2. d4 d6 3. Nc3 Bg7 4. Be3 Nf6 5. f3 0-0 6. Qd2 Re8 7. 0-0-0 b6 8. g4 c5 9. Nge2 Na6 10. Bh6 Nc7 11. Bxg7 Kxg7 12. dxc5 bxc5 13. h4 Be6 14. h5 Rh8 15. h6+ Kf8 16. Nf4 Rb8 17. e5 Nfe8 18. Ne4 Bxa2 19. exd6 exd6 20. b3 Bxb3 21. cxb3 Rg8 22. Bc4 Qe7 23. Rhe1 Qe5 24. Nc3 Qf6 25. Kc2 g5 26. Nfd5 Nxd5 27. Qxd5 Rg6 28. Ne4 Qf4 29. Qf5 Qxf5 30. gxf5 Rxh6 31. Nxg5 Rb7 32. Rh1 Rxh1 33. Rxh1 Nf6 34. Nxh7+ Nxh7 35. Rxh7 Kg8 36. Rh2 Kg7 37. Rd2 Rd7 38. Bd5 Kf6 39. Be4 Ke5 40. Rd5+ Kf6 41. Kc3 Ke7 42. Kc4 a6 43. Rd2 Ra7 44. Rh2 a5 45. Kd5 1-0

[Event "Gallipoli Salento op 9th"]
[Site "Gallipoli"]
[Date "2020.09.23"]
[Round "5"]
[White "Coqueraut, Lodewyk"]
[Black "Catalano, Enzo"]
[Result "0-1"]
[WhiteElo "1441"]
[BlackElo "1611"]
[PlyCount "72"]
[EventDate "2020.09.19"]
[EventType "swiss"]
[EventRounds "9"]
[EventCountry "ITA"]
[SourceTitle "CBM 198 Extra"]
[Source "ChessBase"]
[SourceDate "2020.11.30"]
[SourceVersion "1"]
[SourceVersionDate "2020.11.30"]
[SourceQuality "1"]

1. d4 Nf6 2. Bf4 d6 3. e3 g6 4. Nc3 Bg7 5. Nf3 0-0 6. Be2 b6 7. Qd2 Nbd7 8. h3 Bb7 9. 0-0 a6 10. d5 Qe8 11. e4 e5 12. Bh2 h6 13. Bd3 Nc5 14. Rac1 Nh7 15. Rfe1 f5 16. b4 Nd7 17. Nd1 f4 18. c4 Nhf6 19. Kh1 g5 20. Ng1 g4 21. Bf1 Qh5 22. Rc3 a5 23. a3 axb4 24. axb4 Ra1 25. hxg4 Nxg4 26. Rh3 Qg6 27. Nf3 Bf6 28. Bd3 Rfa8 29. Qe2 R8a2 30. Qf1 Rxd1 31. Rxd1 Nxf2+ 32. Kg1 Nxh3+ 33. Kh1 Nf2+ 34. Qxf2 Rxf2 35. Rg1 Qh5 36. g4 Qh3 0-1

[Event "Gallipoli Salento op 9th"]
[Site "Gallipoli"]
[Date "2020.09.22"]
[Round "4"]
[White "De Lisa, Carmine"]
[Black "Coqueraut, Lodewyk"]
[Result "1/2-1/2"]
[WhiteElo "1667"]
[BlackElo "1441"]
[PlyCount "98"]
[EventDate "2020.09.19"]
[EventType "swiss"]
[EventRounds "9"]
[EventCountry "ITA"]
[SourceTitle "CBM 198 Extra"]
[Source "ChessBase"]
[SourceDate "2020.11.30"]
[SourceVersion "1"]
[SourceVersionDate "2020.11.30"]
[SourceQuality "1"]

1. e4 c6 2. d4 d5 3. exd5 cxd5 4. c4 Nf6 5. Nc3 e6 6. Nf3 Nc6 7. a3 a6 8. Bd3 dxc4 9. Bxc4 b5 10. Bb3 Be7 11. Bg5 Bb7 12. 0-0 0-0 13. Qd3 b4 14. Ne2 bxa3 15. bxa3 Nd5 16. Bc2 g6 17. Bh6 Re8 18. Rfd1 Bf6 19. Ng3 Rc8 20. Nh5 Bh8 21. Ng3 Nce7 22. h4 Nf6 23. h5 Bxf3 24. gxf3 Nf5 25. Nxf5 exf5 26. hxg6 hxg6 27. Bb3 Qd6 28. Qd2 Bg7 29. Bf4 Qc6 30. Kg2 Nh5 31. Be3 Qd6 32. a4 f4 33. Qa2 Re7 34. Bc1 Qf6 35. Ba3 Qg5+ 36. Kf1 Rd7 37. Rac1 Rxc1 38. Bxc1 Qh4 39. Kg2 Qg5+ 40. Kf1 Qf5 41. Qc2 Qh3+ 42. Kg1 Qxf3 43. Qxg6 Qxb3 44. Qxh5 Rd5 45. Qg4 Rg5 46. Qxg5 Qxd1+ 47. Kg2 Qxc1 48. Qd8+ Kh7 49. Qh4+ Kg8 1/2-1/2

[Event "Locarno op 3rd"]
[Site "Locarno"]
[Date "2018.03.18"]
[Round "5"]
[White "Tostrup, Trond"]
[Black "Coqueraut, Lodewyk"]
[Result "0-1"]
[WhiteElo "1889"]
[BlackElo "1613"]
[PlyCount "87"]
[EventDate "2018.03.16"]
[EventType "swiss"]
[EventRounds "5"]
[EventCountry "SUI"]
[SourceTitle "CBM 183 Extra"]
[Source "ChessBase"]
[SourceDate "2018.04.19"]
[SourceVersion "1"]
[SourceVersionDate "2018.04.19"]
[SourceQuality "1"]

1. Nf3 d5 2. b3 Nf6 3. Bb2 e6 4. g3 c5 5. Bg2 Nc6 6. d4 Be7 7. 0-0 0-0 8. Nbd2 b6 9. e3 Bb7 10. Ne5 Rc8 11. dxc5 Bxc5 12. c4 Nxe5 13. Bxe5 Ba6 14. Rc1 Nd7 15. Bb2 Qe7 16. Qg4 f5 17. Qe2 Nf6 18. Rfd1 e5 19. Nf3 e4 20. Nd4 g6 21. Qd2 dxc4 22. bxc4 Rfd8 23. Bf1 Ng4 24. Qc3 Qf6 25. h3 Bxd4 26. exd4 Nh6 27. Qb3 Nf7 28. d5 Ne5 29. Kg2 h5 30. Qc3 Re8 31. Qd4 h4 32. d6 Bb7 33. Be2 hxg3 34. d7 e3+ 35. f3 Nxd7 36. Qxf6 Nxf6 37. Bxf6 Kf7 38. Rd7+ Kxf6 39. Rxb7 Re7 40. Rxe7 Kxe7 41. Kxg3 g5 42. f4 Rg8 43. fxg5 Rxg5+ 44. Kf3 0-1

[Event "Acqui Terme Collino op 2nd"]
[Site "Acqui Terme"]
[Date "2017.11.05"]
[Round "4"]
[White "Coqueraut, Lodewyk"]
[Black "Pivari, Flavio"]
[Result "1-0"]
[WhiteElo "1575"]
[BlackElo "1645"]
[PlyCount "65"]
[EventDate "2017.11.03"]
[EventType "swiss"]
[EventRounds "5"]
[EventCountry "ITA"]
[SourceTitle "CBM 181 Extra"]
[Source "ChessBase"]
[SourceDate "2017.12.12"]
[SourceVersion "1"]
[SourceVersionDate "2017.12.12"]
[SourceQuality "1"]

1. e4 c5 2. Nf3 d6 3. d4 cxd4 4. Nxd4 Nf6 5. Nc3 a6 6. h3 e6 7. g4 Be7 8. Bg2 Qc7 9. Be3 Nc6 10. 0-0 Nxd4 11. Bxd4 e5 12. Be3 h6 13. Rc1 Bd7 14. Nd5 Nxd5 15. exd5 b5 16. b3 Bg5 17. Bxg5 hxg5 18. Qd2 Qd8 19. c4 bxc4 20. bxc4 Qf6 21. c5 dxc5 22. Rxc5 Bxg4 23. hxg4 Qh6 24. f4 Qh2+ 25. Kf2 gxf4 26. Ke1 Rb8 27. Rc1 Qg3+ 28. Rf2 Rh2 29. Kf1 Kd7 30. Qc2 Rbh8 31. Qc7+ Ke8 32. Qc8+ Ke7 33. Rc7+ 1-0

[Event "Acqui Terme Collino op 2nd"]
[Site "Acqui Terme"]
[Date "2017.11.04"]
[Round "2"]
[White "Coqueraut, Lodewyk"]
[Black "Musheghyan, Murad"]
[Result "0-1"]
[WhiteElo "1575"]
[BlackElo "1781"]
[PlyCount "98"]
[EventDate "2017.11.03"]
[EventType "swiss"]
[EventRounds "5"]
[EventCountry "ITA"]
[SourceTitle "CBM 181 Extra"]
[Source "ChessBase"]
[SourceDate "2017.12.12"]
[SourceVersion "1"]
[SourceVersionDate "2017.12.12"]
[SourceQuality "1"]

1. Nf3 g6 2. d4 d6 3. e4 Bg7 4. c3 a6 5. Bc4 Nc6 6. b4 Nf6 7. Qc2 0-0 8. 0-0 d5 9. exd5 Nxd5 10. Qb3 Nb6 11. Be2 Be6 12. Qc2 h6 13. Bb2 Qd7 14. Nbd2 Bf5 15. Bd3 Bxd3 16. Qxd3 Ne5 17. Nxe5 Bxe5 18. Nf3 Bg7 19. Rfe1 Rad8 20. Rad1 Rfe8 21. Bc1 e5 22. Qc2 Qa4 23. Qb1 e4 24. Nh4 Nd5 25. Qb2 Qc6 26. Bd2 Bf6 27. g3 Bxh4 28. gxh4 Qe6 29. Kh1 Qg4 30. Be3 Qf3+ 31. Kg1 Nf4 32. Bxf4 Qxf4 33. Qe2 Qxh4 34. Qe3 Rd5 35. Kf1 Qxh2 36. Ke2 Qh5+ 37. Kd2 Qg5 38. Rh1 Qxe3+ 39. Kxe3 h5 40. Rdg1 Kh7 41. Rg4 Rf5 42. Rxe4 Rxe4+ 43. Kxe4 Rxf2 44. a4 Rc2 45. Kd3 Ra2 46. a5 Rf2 47. Re1 h4 48. Re7 h3 49. Ke3 Rf5 0-1

[Event "Arvier Spring op-B"]
[Site "Arvier"]
[Date "2017.04.26"]
[Round "7.3"]
[White "Zuccoli, Maurizio"]
[Black "Coqueraut, Lodewyk"]
[Result "1-0"]
[WhiteElo "1751"]
[BlackElo "1632"]
[PlyCount "129"]
[EventDate "2017.04.21"]
[EventType "tourn"]
[EventRounds "7"]
[EventCountry "ITA"]
[SourceTitle "EXT 2023"]
[Source "ChessBase"]
[SourceDate "2022.10.05"]
[SourceVersion "1"]
[SourceVersionDate "2022.10.05"]
[SourceQuality "1"]

1. e4 c5 2. Nf3 g6 3. d4 Bg7 4. Bc4 e6 5. 0-0 cxd4 6. Nxd4 Ne7 7. c3 0-0 8. Bb3 a6 9. Bg5 d6 10. Nd2 Nbc6 11. N2f3 Qc7 12. Qd2 Kh8 13. Bh6 Ng8 14. Bxg7+ Kxg7 15. Rad1 Nf6 16. Rfe1 e5 17. Nxc6 bxc6 18. Qxd6 Ra7 19. Qxc7 Rxc7 20. Nxe5 c5 21. h3 Bb7 22. f3 Re8 23. Nc4 Ree7 24. Nd6 Bc6 25. e5 Nh5 26. e6 f5 27. Re5 Bb5 28. Bd5 Kf6 29. Re3 Nf4 30. c4 Ba4 31. b3 Be8 32. Nxe8+ Rxe8 33. Rde1 Ree7 34. h4 h6 35. g4 Rg7 36. Kh2 Ke7 37. Kg3 g5 38. hxg5 hxg5 39. gxf5 Kf6 40. e7 Rcxe7 41. Rxe7 Rxe7 42. Rxe7 Kxe7 43. Bb7 a5 44. Kf2 Kf6 45. Be4 Ke5 46. Ke3 Ng2+ 47. Kf2 Nf4 48. Kg3 Kf6 49. Kg4 Ne2 50. Bc6 Nc3 51. f4 gxf4 52. Kxf4 Nxa2 53. Bd7 Nc1 54. Ba4 Nd3+ 55. Ke4 Nb4 56. Bd7 Ke7 57. Bc8 Kf6 58. Be6 Nc6 59. Kd5 Nd4 60. Kxc5 Nxb3+ 61. Kb5 a4 62. Kxa4 Nc5+ 63. Kb5 Nxe6 64. fxe6 Kxe6 65. Kc6 1-0

[Event "Arvier Spring op-B"]
[Site "Arvier"]
[Date "2017.04.24"]
[Round "5.3"]
[White "Peruzzi, Angelo"]
[Black "Coqueraut, Lodewyk"]
[Result "0-1"]
[WhiteElo "1440"]
[BlackElo "1632"]
[PlyCount "76"]
[EventDate "2017.04.21"]
[EventType "tourn"]
[EventRounds "7"]
[EventCountry "ITA"]
[SourceTitle "EXT 2023"]
[Source "ChessBase"]
[SourceDate "2022.10.05"]
[SourceVersion "1"]
[SourceVersionDate "2022.10.05"]
[SourceQuality "1"]

1. d4 d5 2. Nc3 Nf6 3. Bf4 c6 4. e3 g6 5. h3 Bg7 6. Nf3 Nbd7 7. Bd3 0-0 8. 0-0 b6 9. Re1 Bb7 10. e4 dxe4 11. Nxe4 Nd5 12. Be5 Nxe5 13. dxe5 Qc7 14. Neg5 h6 15. Ne4 c5 16. c3 Rad8 17. g3 c4 18. Bc2 Nxc3 19. Qc1 Nxe4 20. Bxe4 Bxe4 21. Rxe4 b5 22. Qe1 Rd3 23. Kg2 Rfd8 24. Re3 R3d5 25. Rc1 Qb7 26. h4 h5 27. Ng5 Rd1+ 28. Kf1 Rxc1 29. Nf3 Rxe1+ 30. Rxe1 Qxf3 31. Re3 Rd1+ 32. Re1 Qh1+ 33. Ke2 Qxe1+ 34. Kf3 Bxe5 35. Kg2 Qf1+ 36. Kf3 Rd3+ 37. Ke4 f6 38. b4 Qe2# 0-1

[Event "Doriano Spinelli mem 2nd"]
[Site "Torino"]
[Date "2016.12.01"]
[Round "1"]
[White "Di Chiara, Mauro"]
[Black "Coqueraut, Lodewyk"]
[Result "1-0"]
[WhiteElo "1933"]
[BlackElo "1670"]
[PlyCount "51"]
[EventDate "2016.12.01"]
[EventType "swiss"]
[EventRounds "5"]
[EventCountry "ITA"]
[SourceTitle "CBM 176 Extra"]
[Source "ChessBase"]
[SourceDate "2017.03.02"]
[SourceVersion "1"]
[SourceVersionDate "2017.03.02"]
[SourceQuality "1"]

1. d4 Nf6 2. Nf3 d5 3. c4 e6 4. g3 Bb4+ 5. Bd2 a5 6. a3 Be7 7. Bg2 c6 8. 0-0 0-0 9. Qc2 dxc4 10. Qxc4 b5 11. Qc2 Bb7 12. Rd1 Qb6 13. Nc3 Rd8 14. e4 c5 15. dxc5 Bxc5 16. Bg5 Rxd1+ 17. Rxd1 Nfd7 18. e5 Bc6 19. Rd2 Na6 20. Ne4 Bd5 21. Nxc5 Qxc5 22. Qd1 Rc8 23. Be3 Qc7 24. Ng5 Bxg2 25. Rxd7 Qb8 26. Qh5 1-0

[Event "Arvier Grand Paradis op-B"]
[Site "Arvier"]
[Date "2016.07.29"]
[Round "6"]
[White "Benenati, Gianfranco"]
[Black "Coqueraut, Lodewyk"]
[Result "1-0"]
[WhiteElo "1817"]
[BlackElo "1683"]
[PlyCount "52"]
[EventDate "2016.07.24"]
[EventType "swiss"]
[EventRounds "6"]
[EventCountry "ITA"]
[SourceTitle "EXT 2017"]
[Source "ChessBase"]
[SourceDate "2016.10.25"]
[SourceVersion "1"]
[SourceVersionDate "2016.10.25"]
[SourceQuality "1"]

1. e4 c5 2. Nf3 d6 3. d4 cxd4 4. Nxd4 Nf6 5. Bd3 e6 6. Be3 Be7 7. 0-0 Nc6 8. f4 Qb6 9. Nf5 Qxb2 10. Nxe7 Nxe7 11. Nd2 Qa3 12. Nc4 Qa6 13. e5 Ne4 14. Nxd6+ Qxd6 15. exd6 Nxd6 16. Bc5 Ndf5 17. Bb5+ Nc6 18. g4 Nfe7 19. Bxc6+ Nxc6 20. Qd6 Bd7 21. Rad1 0-0-0 22. Qd3 Be8 23. Qc3 Rd5 24. Rxd5 exd5 25. Qxg7 Nd8 26. Qxh8 Bd7 1-0

[Event "Arvier Grand Paradis op-B"]
[Site "Arvier"]
[Date "2016.07.27"]
[Round "4"]
[White "Gola, Giorgio"]
[Black "Coqueraut, Lodewyk"]
[Result "0-1"]
[WhiteElo "1271"]
[BlackElo "1683"]
[PlyCount "30"]
[EventDate "2016.07.24"]
[EventType "swiss"]
[EventRounds "6"]
[EventCountry "ITA"]
[SourceTitle "EXT 2017"]
[Source "ChessBase"]
[SourceDate "2016.10.25"]
[SourceVersion "1"]
[SourceVersionDate "2016.10.25"]
[SourceQuality "1"]

1. e4 e5 2. Nf3 Nc6 3. d4 exd4 4. Nxd4 Nf6 5. Nc3 Bb4 6. Nxc6 bxc6 7. Bd3 Qe7 8. 0-0 Bxc3 9. bxc3 d6 10. Bg5 Qe5 11. Qd2 h6 12. f4 Qc5+ 13. Kh1 hxg5 14. e5 Ng4 15. exd6 Rxh2# 0-1

[Event "Nichelino Berruto Memorial 19th"]
[Site "Nichelino"]
[Date "2016.02.12"]
[Round "1"]
[White "Coqueraut, Lodewyk"]
[Black "Martin, Tiziano"]
[Result "0-1"]
[WhiteElo "1652"]
[BlackElo "1911"]
[PlyCount "66"]
[EventDate "2016.02.12"]
[EventType "swiss"]
[EventRounds "6"]
[EventCountry "ITA"]
[SourceTitle "EXT 2018"]
[Source "ChessBase"]
[SourceDate "2017.10.13"]
[SourceVersion "1"]
[SourceVersionDate "2017.10.13"]
[SourceQuality "1"]

1. c4 e6 2. Nc3 d5 3. d4 c6 4. Nf3 Nd7 5. e3 Ngf6 6. cxd5 exd5 7. Bd3 Bd6 8. Ne2 0-0 9. Ng3 g6 10. Bd2 Re8 11. Bc3 Ne4 12. Bxe4 dxe4 13. Nd2 Nf6 14. Nc4 Bc7 15. 0-0 Nd5 16. Bd2 b5 17. Na3 Qd6 18. Rc1 h5 19. Nxb5 cxb5 20. Rxc7 Nxc7 21. Qc2 Bb7 22. a3 Rac8 23. Bb4 Qd5 24. Ne2 Na6 25. Qd2 Nxb4 26. Qxb4 Qc4 27. Qe1 Qb3 28. Qa1 Rc2 29. Nc3 Qxb2 30. Qxb2 Rxb2 31. Rd1 Rc8 32. Nb1 Bd5 33. g3 Rcc2 0-1

[Event "Torino Spinelli Memorial 1st"]
[Site "Torino"]
[Date "2015.12.06"]
[Round "4"]
[White "Coqueraut, Lodewyk"]
[Black "McGovern, Patrick"]
[Result "1/2-1/2"]
[WhiteElo "1638"]
[BlackElo "1775"]
[PlyCount "61"]
[EventDate "2015.12.04"]
[EventType "swiss"]
[EventRounds "5"]
[EventCountry "ITA"]
[SourceTitle "EXT 2018"]
[Source "ChessBase"]
[SourceDate "2017.10.13"]
[SourceVersion "1"]
[SourceVersionDate "2017.10.13"]
[SourceQuality "1"]

1. Nf3 Nf6 2. b3 d5 3. Bb2 Bf5 4. g3 e6 5. Bg2 c5 6. 0-0 Nc6 7. d3 Be7 8. Nbd2 0-0 9. Nh4 Bg6 10. Nxg6 hxg6 11. e4 d4 12. f4 e5 13. Nc4 Qc7 14. Bc1 b5 15. Nxe5 Nxe5 16. fxe5 Qxe5 17. Bf4 Qe6 18. e5 Nd5 19. Qe1 Rae8 20. Bd2 Bd8 21. Qe4 Ne3 22. Bxe3 dxe3 23. Qxe3 Qxe5 24. Qxe5 Rxe5 25. Rae1 Rfe8 26. Rxe5 Rxe5 27. c4 Re2 28. Rf2 Re1+ 29. Bf1 Bf6 30. Kg2 Bd4 31. Re2 1/2-1/2